OSCE Chairmanship 2019
Predstavenie organizácie OBSE - jej legislatívne a normatívne aspekty. Úlohy organizácie v budovaní a posilňovaní bezpečnostnej komunity. Kandidatúra Slovenska na predsedníctvo v roku 2019 - prípravy a spôsob zvládnutia danej úlohy.
Gespeichert in:
| 1. Verfasser: | |
|---|---|
| Format: | Buchkapitel |
| Sprache: | Englisch |
| Schlagworte: | |
| Tags: |
Keine Tags, Fügen Sie das erste Tag hinzu!
|
MARC
| LEADER | 00000naa$a2200000$$$4500 | ||
|---|---|---|---|
| 001 | 0267491 | ||
| 005 | 20240502074210.7 | ||
| 041 | 0 | |a eng | |
| 044 | |a SK | ||
| 245 | 1 | 0 | |a OSCE Chairmanship 2019 |c Samuel Goda |
| 520 | |a Predstavenie organizácie OBSE - jej legislatívne a normatívne aspekty. Úlohy organizácie v budovaní a posilňovaní bezpečnostnej komunity. Kandidatúra Slovenska na predsedníctvo v roku 2019 - prípravy a spôsob zvládnutia danej úlohy. | ||
| 610 | 2 | 0 | |a politika zahraničná |
| 610 | 2 | 0 | |a bezpečnosť medzinárodná |
| 610 | 2 | 0 | |a spolupráca medzinárodná |
| 610 | 2 | 0 | |a práva ľudské |
| 610 | 2 | 0 | |a Európa |
| 610 | 2 | 0 | |a Slovensko |
| 100 | 1 | |a Goda, Samuel | |